Quizzes
Events
Quiz Creation
Community
Videos
Private Events
Remove Ads
Sign In
Join for FREE
Feedback
Dark Mode
Quiz Categories
Sports
Geography
Music
Movies
Television
Just For Fun
Miscellaneous
History
Literature
Language
Science
Gaming
Entertainment
Religion
Holiday
For Kids
Quiz Lab
Recent
Popular Today
Quiz Kudos Today
Editor Picks
Curator Picks
Quizzes by...
Day
Popularity
Type
Ratings
Length
Year
Community
Subscriptions
Recent Discussions
Orange Saloon
Badges
Playlists
Quests
Create
Leaderboards
Showdown
Live 5
Trivia Bingo
Activity
Puzzle Library
Sporcle Events
Private Events
Virtual Trivia
Globe League
Become a Host
Pub Owners
SporcleCon
Opinionation
Our Games
Videos
Blog
Mobile Apps
Partnerships
Remove Ads and Go Orange
Feedback
Sports
Athletes
MLB
NBA
NHL
NFL
Soccer
Sports Teams
WWE
NCAA
Football
Premier League
Basketball
Baseball
Hockey
Golf
Tennis
Cricket
Rugby
Auto Racing
Olympics
World Cup
Sports
Athletes
MLB
NBA
NHL
NFL
Soccer
Sports Teams
WWE
NCAA
Football
Premier League
Basketball
Baseball
Hockey
Golf
Tennis
Cricket
Rugby
Auto Racing
Olympics
World Cup
Random Quiz
Search Sporcle
×
Quiz Lab
Quiz Lab
Sports
Play
Type in answers that appear in a list
Type in answers that appear in a list
Classic
Best Score? Go Orange.
EPL Australians Stats
Can you name the Australian footballers to play in the English Premier League?
By
macosal
8m
50 Questions
125 Plays
125 Plays
125 Plays
Comments
Comments
Give Quiz Kudos
Give Quiz Kudos
-
- Ratings
hide this ad
Replay
Link that replays current quiz
Next Quiz
Link to next quiz in quiz playlist
You Got
0%
They Got
Avg Score
33%
Avg Friend Score
Upgrade to see
Score Distribution
Jump to the score distribution portion of the page
Score
0/50
Timer
08:00
0
Plays Today
Club(s) (appearances)
Player
% Correct
Leeds, Middlesbrough, Newcastle (240)
Mark Viduka
92.8%
Leeds, Liverpool (274)
Harry Kewell
92.8%
Everton (226)
Tim Cahill
92.8%
Middlesbrough, Fulham, Chelsea, Leicester (512)
Mark Schwarzer
88.8%
Huddersfield Town, Brighton (2)
Aaron Mooy
85.7%
Brighton (100)
Mat Ryan
81%
Aston Villa, Manchester United, Chelsea (206)
Mark Bosnich
80.8%
Crystal Palace (90)
Mile Jedinak
75.3%
Blackburn, West Ham, Everton (278)
Lucas Neill
75.2%
Blackburn (247)
Brett Emerton
73.6%
Middlesbrough, Liverpool (45)
Brad Jones
72.8%
Leicester City (5)
Harry Souttar
66.7%
Liverpool, Bournemouth (10)
Brad Smith
56.6%
Coventry (41)
John Aloisi
55.2%
West Ham, Birmingham (166)
Stan Lazaridis
48%
Newcastle (25)
Craig Moore
47.2%
Reading, Bournemouth (23)
Adam Federici
42.4%
Crystal Palace (23)
Tony Popovic
42.4%
Blackburn, West Ham, Southampton (84)
Robbie Slater
42.4%
Blackburn (38)
Vince Grella
38.4%
Aston Villa (27)
Brett Holman
37.5%
Crystal Palace (9)
Kevin Muscat
35.2%
Middlesbrough (12)
Tony Vidmar
35.2%
Wigan (45)
Josip Skoko
33.6%
West Bromwich Albion (2)
Jason Davidson
32.9%
Club(s) (appearances)
Player
% Correct
Aston Villa (36)
Chris Herd
32%
West Ham, Hull (57)
Richard Garcia
30.4%
Manchester City (51)
Danny Tiatto
27.2%
Middlesbrough, Leeds (43)
Paul Okon
27.2%
Burnley (2)
Aiden O'Neill
26.2%
Watford (23)
Richard Johnson
24.8%
West Ham, Portsmouth (21)
Hayden Foxe
24%
Blackpool (11)
David Carney
22.4%
Leeds (6)
Jacob Burns
20.8%
Southampton (2)
Scott McDonald
20%
Middlesbrough (22)
Luke Wilkshire
18.4%
Coventry, Blackburn, Wigan (72)
John Filan
17.6%
Queens Park Rangers (4)
Ned Zelic
17.6%
Derby (12)
Mile Sterjovski
16%
Manchester City (1)
Danny Allsopp
14.4%
Fulham (6)
Ahmad Elrich
13.6%
Birmingham (18)
Neill Kilkenny
8.8%
Crystal Palace (6)
Carl Veart
6.4%
West Ham (1)
Chris Coyne
5.6%
Derby (2)
Con Blatsis
4%
Everton (3)
Jason Kearton
4%
Sheffield Wednesday (13)
Adem Poric
2.4%
West Ham (1)
Steve Mautone
1.6%
Ipswich, Charlton (11)
Andy Petterson
0.8%
Ipswich (9)
Vlado Bozinovski
0%
Quiz Playlist
Details
Report
Send in Message
Add To Playlist
Classic:
Type in answers that appear in a list
Last Updated: Aug 23, 2017
Quiz Scoreboard
CHALLENGE
Sign Up to Join the Scoreboard
Show All
Scores
Hide
Comments
May contain spoilers
Recently Published
Movies - When Are They Set?
by FPL_Elf
Movies
5m
Popular People in 1961
by mucciniale
History
6m
1-10 Letter E Words III
by El_Dandy
Language
2m
More to Explore
Quiz From the Vault
Featured Blog Post
Where Did the Easter Bunny Come From?
hide this ad
You Might Also Like...
Tags
Play Quiz
Premier League Quiz
appearance
Australia
club
English
Footballer
League
Player
Premier
Today's Top Quizzes in Sports
Browse Sports
hide this ad
Today's Top Quizzes in Play
Browse Play
Top Contributed Quizzes in Sports
1
Les meilleurs buteurs des matchs entre le PSG et l’OM
2
Les entraîneurs de l'OM et du PSG au 21e siècle
3
FIFA Club World Cup Champions
4
2022 World Cup Stars
5
Name the Premier League winners with different clubs
6
La finale Lions - Afrique du Sud 2021
7
Criteria MLB: Left Handed Sluggers
8
Players with Multiple 50 Home Run Seasons
9
MLB Players with Two .350 Batting Average Seasons
10
MLB Hall of Famer by Rings
Explore More
Trending Topics
Crossword
Kpop
Disney
Anime
Harry Potter
NBA
Marvel
Country
The Office
WWE
NFL
Pokémon
Song
Soccer
Puzzle
hide this ad
More By:
macosal
Quiz
Plays
Rating
Category
Featured
Created
A-League and World Cup players
353
5.00
Sports
Oct 3, 2011
Noel Fielding's Luxury Comedy characters
222
3.00
Television
Feb 21, 2013
Sydney Ferries wharves
165
Geography
Dec 4, 2011
EPL Australians
125
5.00
Sports
Apr 14, 2012
A-League XIs: Central Coast Mariners
123
5.00
Sports
Dec 11, 2013
Go to Creator's Profile
Score Distribution
Quiz Creator Spotlight
macosal
Follow
Send a Message
Quizzes Created
-
Created Quiz Play Count
-
More By This Creator
Popular Quizzes Today
1
Find the US States - No Outlines Minefield
2
Find the Countries of Europe - No Outlines Minefield
3
The Countries of the World
4
Popular People in 1961
5
1-10 Letter E Words III
6
US States
7
Find the US States
8
One Thing in Common: World Cities II
More Sports Quizzes
Newest First Time Big 4 Champions
Published
Trending Quizzes
Risky Map Clicking: Least Populous States A-Z
1-10 Letter F Words
Humor Books: The Subtitles
1-10 Letter G Words
One Thing in Common: United Kingdom
Recently Updated
Leaping Animals
pecheneg
Reality TV Shows (A-Z)
bhenderson79
Rickey Henderson's Hall of Fame Teammates
pecheneg
Champions League XIs: Arsenal
pecheneg
Quick Pick: Celebrities in WWE's Hall of Fame
aduchscher
A-Z Keypad Blitz II
pecheneg
Multiple Oscar Actors
pecheneg
Mystery Phrase Blitz: Oscar 'Best Actors'
pecheneg
F. Scott Fitzgerald Novels
LTH
Pick 3 Villains
ddd62291
Trending Topics
Kpop
NBA
Harry Potter
Disney
Marvel
Crossword
Anime
Pokémon
The Office
Song
Country
Soccer
NFL
WWE
Puzzle
Your Account Isn't Verified!
In order to create a playlist on Sporcle, you need to verify the email address you used during registration. Go to your
Sporcle Settings
to finish the process.
Report this User
Report this user for behavior that violates our
Community Guidelines
.
Details:
Send Report
Go to the Sporcle.com Mobile Site →
Comments